Mechanical and Industrial Measurements (Record no. 1734)

MARC details
000 -LEADER
fixed length control field 00358nam a2200145Ia 4500
008 - FIXED-LENGTH DATA ELEMENTS--GENERAL INFORMATION
fixed length control field 191201s2004 xx 000 0 und d
082 ## - DEWEY DECIMAL CLASSIFICATION NUMBER
Classification number 620.0044
Item number JAM
100 ## - MAIN ENTRY--PERSONAL NAME
Personal name JAIN, R K
245 #0 - TITLE STATEMENT
Title Mechanical and Industrial Measurements
250 ## - EDITION STATEMENT
Edition statement 11th
260 ## - PUBLICATION, DISTRIBUTION, ETC. (IMPRINT)
Place of publication, distribution, etc N.Delhi
Name of publisher, distributor, etc Khanna Publisher
Date of publication, distribution, etc 2004
300 ## - PHYSICAL DESCRIPTION
Extent 1204
650 ## - SUBJECT ADDED ENTRY--TOPICAL TERM
Topical term or geographic name as entry element B.Tech(ME)
942 ## - ADDED ENTRY ELEMENTS (KOHA)
Source of classification or shelving scheme Dewey Decimal Classification
Koha item type Text Books
Holdings
Withdrawn status Lost status Source of classification or shelving scheme Damaged status Not for loan Collection code Home library Current library Date acquired Source of acquisition Cost, normal purchase price Bill Number Total Checkouts Full call number Acc. no. / Barcode Date last seen Bill Date Koha item type
    Dewey Decimal Classification     B.Tech(ME) PIET C-LIBRARY PIET C-LIBRARY 20/08/2006 M/s UBS, Delhi 275.00 125382   620.0044 JAM 3130 04/12/2019 23/08/2005 Text Books
    Dewey Decimal Classification     B.Tech(ME) PIET C-LIBRARY PIET C-LIBRARY 20/08/2006 M/s UBS, Delhi 275.00 125382   620.0044 JAM 3131 04/12/2019 23/08/2005 Text Books

Design & Developed by: PIET Central Library
R70 Miles Stone Pattikalyana Samalkha Panipat 132102
mail ID :- [email protected], Phone No:- 0180-2569700 Ex.216